Composition real madrid finale ligue des champions 2017 - Statistiques

Statistiques générales
  • Ce quiz a été pris 4 496 fois
  • Le résultat moyen est 11 sur 12
Statistiques - réponses
Numéro Joueur % Correct
9 Benzema
99%
7 Ronaldo
99%
4 (cap) Ramos
98%
8 Kroos
97%
19 Modrić
97%
Entraîneur Zidane
97%
1 Navas
96%
12 Marcelo
94%
2 Carvajal
93%
5 Varane
93%
14 Casemiro
90%
22 Isco
79%
Aucun quiz correspondant
Distribution des résultats
% des personnes avec chaque résultat
Percentile par nombre de réponses
Votre historique - résultats
Vous n’avez pas pris ce quiz